| 000 | 00492nam a22001457a 4500 | ||
|---|---|---|---|
| 999 |
_c18138 _d18138 |
||
| 008 | 200120b xxu||||| |||| 00| 0 eng d | ||
| 020 | _a1598633306 | ||
| 050 |
_aMT662.8 _b.P43 2007 c.1 |
||
| 100 | _aPeckman, Jon | ||
| 245 |
_aPicture Yourself Drumming _bStep by step instruction for drum kit setup, reading music, learning from the pros, and more _cJon Peckman |
||
| 260 |
_aBoston _bThomson _c2007 |
||
| 300 |
_axiii, 224p. _eCD |
||
| 650 |
_aDrum _vInstruction and study |
||
| 942 |
_2lcc _cBK |
||